[Event "Niedersachsen-ch Seniors op 14th"]
[Site "Bad Bevensen"]
[Date "2011.07.06"]
[Round "2"]
[White "Haak, Gerhard"]
[Black "Janssen, Helmut"]
[Result "0-1"]
[WhiteElo "1193"]
[BlackElo "1588"]
[PlyCount "96"]
[EventDate "2011.07.05"]
[EventType "swiss"]
[EventRounds "9"]
[EventCountry "GER"]
[SourceTitle "EXT 2012"]
[Source "ChessBase"]
[SourceDate "2011.11.24"]
[SourceVersion "1"]
[SourceVersionDate "2011.11.24"]
[SourceQuality "1"]

1. e4 c5 2. c4 Nc6 3. Nf3 d6 4. h3 Nf6 5. d3 e6 6. Bd2 Be7 7. Be2 0-0 8. 0-0 a6 9. Nh2 b5 10. b3 Nd4 11. Bg4 e5 12. f3 h5 13. Bxc8 Rxc8 14. Na3 b4 15. Nc2 Nxc2 16. Qxc2 Nh7 17. f4 exf4 18. Bxf4 Bf6 19. Rae1 Be5 20. Kh1 Qe8 21. Bxe5 dxe5 22. Ra1 Qe6 23. a3 a5 24. axb4 axb4 25. Ra4 f5 26. exf5 Rxf5 27. Rxf5 Qxf5 28. Nf3 Rd8 29. Qe2 Qxd3 30. Qxe5 Qxb3 31. Qe6+ Kh8 32. Ra5 Qd1+ 33. Kh2 Qd6+ 34. Qxd6 Rxd6 35. Rxc5 Nf6 36. Nh4 Rb6 37. Rb5 Rxb5 38. cxb5 b3 39. Nf3 Nd5 40. Nd2 b2 41. Nb1 Kg8 42. Kg1 Kf7 43. Kf1 Ke6 44. Ke1 Kd6 45. Kd2 Kc5 46. Kc2 Kxb5 47. Kxb2 Nf4 48. Nc3+ Kc4 0-1

[Event "Niedersachsen-ch Seniors op 13th"]
[Site "Bad Bevensen"]
[Date "2010.07.14"]
[Round "9"]
[White "Janssen, Helmut"]
[Black "Ludwig, Timm"]
[Result "1/2-1/2"]
[WhiteElo "1662"]
[BlackElo "1423"]
[PlyCount "46"]
[EventDate "2010.07.06"]
[EventType "swiss"]
[EventRounds "9"]
[EventCountry "GER"]
[SourceTitle "EXT 2012"]
[Source "ChessBase"]
[SourceDate "2011.11.24"]
[SourceVersion "1"]
[SourceVersionDate "2011.11.24"]
[SourceQuality "1"]

1. e4 c5 2. d4 cxd4 3. c3 d5 4. exd5 Qxd5 5. cxd4 Nf6 6. Nc3 Qd8 7. Nf3 a6 8. Be2 e6 9. 0-0 Be7 10. Bg5 0-0 11. Qd2 h6 12. Bh4 Nd5 13. Bxe7 Nxe7 14. Rac1 Nbc6 15. Rfd1 b5 16. Bd3 Bb7 17. Be4 Qb6 18. Ne2 Rfd8 19. Qe3 Nd5 20. Bxd5 Rxd5 21. Nc3 Rd7 22. Ne4 Ne7 23. Nc5 Rd5 1/2-1/2

[Event "Niedersachsen-ch Seniors op 13th"]
[Site "Bad Bevensen"]
[Date "2010.07.12"]
[Round "7"]
[White "Kluger, Hans Peter"]
[Black "Janssen, Helmut"]
[Result "1-0"]
[WhiteElo "1743"]
[BlackElo "1662"]
[PlyCount "97"]
[EventDate "2010.07.06"]
[EventType "swiss"]
[EventRounds "9"]
[EventCountry "GER"]
[SourceTitle "EXT 2012"]
[Source "ChessBase"]
[SourceDate "2011.11.24"]
[SourceVersion "1"]
[SourceVersionDate "2011.11.24"]
[SourceQuality "1"]

1. d4 Nf6 2. Nf3 b6 3. g3 Bb7 4. Bg2 d5 5. 0-0 e6 6. Bg5 Be7 7. Nbd2 Nbd7 8. c4 h6 9. Bf4 0-0 10. h3 Rc8 11. Rc1 c5 12. Qa4 a6 13. e3 dxc4 14. Qxc4 b5 15. Qb3 c4 16. Nxc4 Bxf3 17. Bxf3 bxc4 18. Rxc4 Rxc4 19. Qxc4 Qc8 20. Rc1 Qxc4 21. Rxc4 g5 22. Bc7 Nd5 23. Ba5 Rb8 24. Bxd5 exd5 25. Rc7 Bd8 26. Rxd7 Bxa5 27. Rxd5 Rb5 28. Rxb5 axb5 29. f4 Kg7 30. f5 h5 31. g4 hxg4 32. hxg4 f6 33. Kf2 Kf7 34. e4 Bc7 35. Ke3 Ke7 36. b3 Kd6 37. Kd3 Ba5 38. a4 bxa4 39. bxa4 Be1 40. Kc4 Kc6 41. e5 fxe5 42. dxe5 Ba5 43. Kd4 Bb6+ 44. Ke4 Kd7 45. Kd5 Be3 46. a5 Ke7 47. Kc6 Bd4 48. e6 Kd8 49. Kb7 1-0

[Event "Niedersachsen-ch Seniors op 13th"]
[Site "Bad Bevensen"]
[Date "2010.07.10"]
[Round "5"]
[White "Janssen, Helmut"]
[Black "Meinke, Dietlind"]
[Result "1/2-1/2"]
[WhiteElo "1662"]
[BlackElo "1760"]
[PlyCount "55"]
[EventDate "2010.07.06"]
[EventType "swiss"]
[EventRounds "9"]
[EventCountry "GER"]
[SourceTitle "EXT 2012"]
[Source "ChessBase"]
[SourceDate "2011.11.24"]
[SourceVersion "1"]
[SourceVersionDate "2011.11.24"]
[SourceQuality "1"]

1. e4 d5 2. exd5 Qxd5 3. Nc3 Qa5 4. d4 Nf6 5. Bd2 Qb6 6. Nf3 Bg4 7. Be2 c6 8. 0-0 e6 9. Na4 Qc7 10. h3 Bxf3 11. Bxf3 Nbd7 12. Re1 Be7 13. Bg5 Qa5 14. Bxf6 Nxf6 15. c3 Rd8 16. b4 Qc7 17. Nc5 0-0 18. Nd3 Nd5 19. Qc2 Rc8 20. Re5 Nf6 21. Re2 Rfd8 22. Rae1 b6 23. a3 c5 24. dxc5 bxc5 25. b5 Qd7 26. Ne5 Qc7 27. Nc6 Rd7 28. c4 1/2-1/2

[Event "Mecklenburg VP-ch Seniors op 09th"]
[Site "Binz"]
[Date "2009.12.09"]
[Round "9.33"]
[White "Janssen, Helmut"]
[Black "Lehmann, Erwin"]
[Result "1/2-1/2"]
[WhiteElo "1636"]
[BlackElo "1825"]
[PlyCount "37"]
[EventDate "2009.12.01"]
[EventType "swiss"]
[EventRounds "9"]
[EventCountry "GER"]
[SourceTitle "EXT 2022"]
[Source "ChessBase"]
[SourceDate "2021.10.06"]
[SourceVersion "1"]
[SourceVersionDate "2021.10.06"]
[SourceQuality "1"]

1. e4 d5 2. exd5 Nf6 3. Nc3 Nxd5 4. Nxd5 Qxd5 5. Nf3 e5 6. c4 Qc5 7. Qe2 Nc6 8. a3 Be7 9. b4 Qd6 10. Bb2 f6 11. Rd1 Bg4 12. h3 Bxf3 13. Qxf3 Qe6 14. Qd5 Nd8 15. Be2 c6 16. Qxe6 Nxe6 17. Bg4 Nf4 18. 0-0 h5 19. Bf3 1/2-1/2

[Event "Mecklenburg VP-ch Seniors op 09th"]
[Site "Binz"]
[Date "2009.12.02"]
[Round "2.51"]
[White "Luebbers, Doris"]
[Black "Janssen, Helmut"]
[Result "0-1"]
[WhiteElo "1357"]
[BlackElo "1636"]
[PlyCount "80"]
[EventDate "2009.12.01"]
[EventType "swiss"]
[EventRounds "9"]
[EventCountry "GER"]
[SourceTitle "EXT 2022"]
[Source "ChessBase"]
[SourceDate "2021.10.06"]
[SourceVersion "1"]
[SourceVersionDate "2021.10.06"]
[SourceQuality "1"]

1. d4 Nf6 2. Bf4 e6 3. e3 d5 4. Be2 Bd6 5. Bxd6 cxd6 6. c3 0-0 7. Nf3 Nc6 8. 0-0 e5 9. dxe5 dxe5 10. Nbd2 Qc7 11. Qc2 Bg4 12. Rfe1 e4 13. Nd4 Nxd4 14. exd4 Bxe2 15. Rxe2 Ng4 16. Nf1 f5 17. Rc1 Rac8 18. Qb3 Qc6 19. Qd1 b5 20. Rec2 Qd7 21. Ne3 Nxe3 22. fxe3 Rf6 23. Rf2 Rcf8 24. Qe2 a6 25. Rcf1 Qe6 26. g3 Qf7 27. Rg2 h5 28. Rff2 g6 29. Qd2 Kh7 30. Qe2 Kh6 31. Qd2 g5 32. h3 Kh7 33. Rh2 f4 34. gxf4 gxf4 35. Qe2 f3 36. Qf1 Rg8+ 37. Kh1 Rfg6 38. Qd1 Qg7 39. Rf1 Rg2 40. Qc1 Rxh2+ 0-1

[Event "Mecklenburg VP-ch Seniors op 09th"]
[Site "Binz"]
[Date "2009.12.01"]
[Round "1.12"]
[White "Janssen, Helmut"]
[Black "Welz, Peter"]
[Result "0-1"]
[WhiteElo "1636"]
[BlackElo "2038"]
[PlyCount "76"]
[EventDate "2009.12.01"]
[EventType "swiss"]
[EventRounds "9"]
[EventCountry "GER"]
[SourceTitle "EXT 2022"]
[Source "ChessBase"]
[SourceDate "2021.10.06"]
[SourceVersion "1"]
[SourceVersionDate "2021.10.06"]
[SourceQuality "1"]

1. e4 e6 2. d4 d5 3. e5 c5 4. c3 Nc6 5. Nf3 Qb6 6. Be2 Nh6 7. 0-0 Nf5 8. dxc5 Bxc5 9. Nbd2 Bd7 10. Nb3 Be7 11. Re1 0-0 12. Bd3 Rfd8 13. g4 Nh4 14. Nxh4 Bxh4 15. Qf3 Be7 16. g5 g6 17. h4 a5 18. Qg3 a4 19. Be3 Qc7 20. Nc5 Bc8 21. Bc2 a3 22. b4 Qxe5 23. Bf4 Qg7 24. Bc7 Re8 25. Nb3 b5 26. Nd4 Nxd4 27. Be5 Nxc2 28. Bxg7 Kxg7 29. Rac1 Nxe1 30. Rxe1 Ra7 31. Qe5+ Kg8 32. Re3 Bf8 33. h5 Bg7 34. Qh2 e5 35. f4 gxh5 36. Qxh5 Rae7 37. Rf3 e4 38. Rf2 e3 0-1

[Event "GER-chT8 KH-37 Br3 email"]
[Site "GER email"]
[Date "2009.10.09"]
[Round "?"]
[White "Beck, Gerhard"]
[Black "Janssen, Helmut"]
[Result "1/2-1/2"]
[WhiteElo "1958"]
[BlackElo "2106"]
[PlyCount "175"]
[EventDate "2009.10.15"]
[EventType "tourn (corr)"]
[EventRounds "4"]
[EventCountry "GER"]
[SourceTitle "Corr 2013"]
[Source "ChessBase"]
[SourceDate "2012.11.12"]
[SourceVersion "1"]
[SourceVersionDate "2012.11.12"]
[SourceQuality "1"]

1. d4 Nf6 2. c4 e6 3. Nf3 b6 4. g3 Ba6 5. b3 Bb4+ 6. Bd2 Be7 7. Bg2 d5 8. cxd5 exd5 9. Nc3 0-0 10. 0-0 Bb7 11. Rc1 Re8 12. Ne5 Nbd7 13. Bf4 Nf8 14. Bg5 Ne6 15. Bxf6 Bxf6 16. e3 c6 17. Nd3 Qd6 18. Re1 Rad8 19. b4 Re7 20. a4 Rde8 21. Re2 Rb8 22. Rec2 Ree8 23. b5 c5 24. dxc5 bxc5 25. Ne2 c4 26. Ndf4 Nxf4 27. Nxf4 Red8 28. Rd2 Qa3 29. Nxd5 Bxd5 30. Bxd5 c3 31. Rd3 Rd7 32. Kg2 Rc8 33. e4 Kf8 34. Qc2 g6 35. Rb1 Qc5 36. h4 Rd6 37. Re1 Bg7 38. Qb3 Rc7 39. Rf3 Rf6 40. Rfe3 Rd6 41. Rd3 Bd4 42. Qc2 Rcd7 43. Red1 Bg7 44. Rh1 Qa3 45. Rb1 Qc5 46. a5 Be5 47. f4 Bf6 48. Qb3 Bh8 49. Kh3 Bd4 50. Rbd1 Kg7 51. b6 axb6 52. Qc2 Rxd5 53. exd5 Rxd5 54. axb6 Qc8+ 55. Kh2 Rb5 56. Rb1 Rxb1 57. Qxb1 Bf6 58. b7 c2 59. Qc1 Qxb7 60. Qxc2 Qe4 61. Qd2 Qe6 62. Rd5 Qe4 63. h5 Qf3 64. Qd1 Qxd1 65. Rxd1 gxh5 66. Kg2 Kg6 67. Kf3 Be7 68. Re1 Bf6 69. Rc1 Bd4 70. Rc6+ Kg7 71. Rd6 Bf6 72. Ke4 Kg6 73. Rc6 h6 74. Rd6 Kg7 75. Kf5 Be7 76. Rc6 Bd8 77. Ra6 Be7 78. Rb6 Bd8 79. Rb1 h4 80. g4 Be7 81. Rb7 Bd8 82. Rd7 Ba5 83. g5 h3 84. gxh6+ Kxh6 85. Rd3 h2 86. Rh3+ Kg7 87. Rxh2 Bc3 88. Rg2+ 1/2-1/2

[Event "GER-chT8 KH-37 Br3 email"]
[Site "GER email"]
[Date "2009.10.09"]
[Round "?"]
[White "Janssen, Helmut"]
[Black "Roser, Matthias"]
[Result "1/2-1/2"]
[WhiteElo "2106"]
[BlackElo "1780"]
[PlyCount "67"]
[EventDate "2009.10.15"]
[EventType "tourn (corr)"]
[EventRounds "4"]
[EventCountry "GER"]
[SourceTitle "Corr 2013"]
[Source "ChessBase"]
[SourceDate "2012.11.12"]
[SourceVersion "1"]
[SourceVersionDate "2012.11.12"]
[SourceQuality "1"]

1. e4 e5 2. Nf3 Nc6 3. d4 exd4 4. Nxd4 Nf6 5. Nxc6 bxc6 6. e5 Qe7 7. Qe2 Nd5 8. c4 Nb6 9. Nd2 Qe6 10. Qe4 Ba6 11. Bd3 f6 12. exf6 Qxe4+ 13. Nxe4 Bxc4 14. Bxc4 Nxc4 15. b3 Nd6 16. Nxd6+ cxd6 17. Bb2 gxf6 18. Bxf6 Rg8 19. g3 Kf7 20. Bc3 d5 21. 0-0-0 Re8 22. Rhe1 Bc5 23. Kc2 Kg6 24. f3 Rgf8 25. Rxe8 Rxe8 26. Re1 Rxe1 27. Bxe1 a6 28. h3 Kf5 29. Bd2 Bf2 30. g4+ Ke5 31. f4+ Ke4 32. f5 Bh4 33. Bh6 d4 34. Bg7 1/2-1/2

[Event "GER-chT KG-33 email"]
[Site "GER email"]
[Date "2007.10.25"]
[Round "?"]
[White "Badtke, Thomas"]
[Black "Janssen, Helmut"]
[Result "1/2-1/2"]
[WhiteElo "2073"]
[BlackElo "2235"]
[PlyCount "54"]
[EventDate "2007.??.??"]
[EventType "tourn (corr)"]
[EventRounds "6"]
[EventCountry "GER"]
[SourceTitle "Corr 2011"]
[Source "ChessBase"]
[SourceDate "2010.08.31"]
[SourceVersion "1"]
[SourceVersionDate "2010.08.31"]
[SourceQuality "1"]

1. e4 e6 2. d4 d5 3. Nc3 Bb4 4. e5 c5 5. a3 Bxc3+ 6. bxc3 Nh6 7. Bxh6 gxh6 8. f4 Nc6 9. Nf3 Bd7 10. Be2 Qa5 11. Qd2 Rg8 12. 0-0 cxd4 13. Nxd4 Nxd4 14. Qxd4 Rc8 15. c4 dxc4 16. Bf3 b6 17. Rf2 Qc5 18. Qc3 Bc6 19. Bxc6+ Qxc6 20. Qh3 Rd8 21. Qxh6 Qe4 22. Qh3 Kf8 23. Kf1 Rg7 24. Re1 Qd5 25. f5 Kg8 26. Kg1 Qa5 27. Qe3 exf5 1/2-1/2

[Event "Mecklenburg VP-ch Seniors op 07th"]
[Site "Plau am See"]
[Date "2007.10.09"]
[Round "6"]
[White "Janssen, Helmut"]
[Black "Romanow, Werner"]
[Result "1/2-1/2"]
[WhiteElo "1807"]
[BlackElo "1959"]
[PlyCount "49"]
[EventDate "2007.10.04"]
[EventType "swiss"]
[EventRounds "9"]
[EventCountry "GER"]
[SourceTitle "EXT 2022"]
[Source "ChessBase"]
[SourceDate "2021.10.06"]
[SourceVersion "1"]
[SourceVersionDate "2021.10.06"]
[SourceQuality "1"]

1. e4 d5 2. exd5 Qxd5 3. Nc3 Qd6 4. d4 Nf6 5. Nf3 c6 6. Be2 Bg4 7. h3 Bh5 8. 0-0 e6 9. Re1 Be7 10. Bg5 Nbd7 11. Ne5 Bxe2 12. Rxe2 0-0 13. Ne4 Nxe4 14. Bxe7 Qxe7 15. Rxe4 Nf6 16. Re2 Rfd8 17. c3 c5 18. Nf3 Qc7 19. Qe1 cxd4 20. Nxd4 Rd5 21. Rd1 Rad8 22. Rdd2 h6 23. Nf3 a6 24. Rxd5 Rxd5 25. Rd2 1/2-1/2

[Event "Niedersachsen-ch Seniors op 10th"]
[Site "Bad Bevensen"]
[Date "2007.07.11"]
[Round "9"]
[White "Fischer, Gerd"]
[Black "Janssen, Helmut"]
[Result "1-0"]
[WhiteElo "2096"]
[BlackElo "1776"]
[PlyCount "61"]
[EventDate "2007.07.03"]
[EventType "swiss"]
[EventRounds "9"]
[EventCountry "GER"]
[SourceTitle "EXT 2022"]
[Source "ChessBase"]
[SourceDate "2021.10.06"]
[SourceVersion "1"]
[SourceVersionDate "2021.10.06"]
[SourceQuality "1"]

1. e4 c5 2. Nf3 d6 3. d4 cxd4 4. Nxd4 Nf6 5. Nc3 a6 6. Be2 e6 7. 0-0 Nbd7 8. f4 Qc7 9. Kh1 Be7 10. Bf3 0-0 11. g4 Rb8 12. g5 Ne8 13. f5 Ne5 14. Bg2 b5 15. Rg1 b4 16. Nce2 Ng4 17. Qe1 d5 18. Qh4 exf5 19. exf5 Ne5 20. Bf4 Bd6 21. Rae1 Bb7 22. Rgf1 Nc4 23. Rf3 Bxf4 24. Nxf4 Qb6 25. Rh3 h6 26. gxh6 gxh6 27. Nh5 Kh8 28. Qf4 Qd6 29. Qh4 Nxb2 30. Nf4 Ng7 31. Nde6 1-0

[Event "Niedersachsen-ch Seniors op 10th"]
[Site "Bad Bevensen"]
[Date "2007.07.10"]
[Round "8"]
[White "Janssen, Helmut"]
[Black "Hadlich, Winfried"]
[Result "1-0"]
[WhiteElo "1776"]
[BlackElo "1795"]
[PlyCount "107"]
[EventDate "2007.07.03"]
[EventType "swiss"]
[EventRounds "9"]
[EventCountry "GER"]
[SourceTitle "EXT 2022"]
[Source "ChessBase"]
[SourceDate "2021.10.06"]
[SourceVersion "1"]
[SourceVersionDate "2021.10.06"]
[SourceQuality "1"]

1. e4 d6 2. d4 Nf6 3. Nc3 e6 4. Nf3 Be7 5. Bd3 c5 6. e5 Nfd7 7. exd6 Bxd6 8. Ne4 Be7 9. dxc5 Bxc5 10. Nxc5 Qa5+ 11. Bd2 Qxc5 12. 0-0 Nf6 13. a3 Nc6 14. Be3 Qd5 15. c4 Qd8 16. Qc2 0-0 17. Rad1 Qc7 18. Bg5 Ne5 19. Nxe5 Qxe5 20. Bxf6 Qxf6 21. Bxh7+ Kh8 22. Be4 e5 23. Rd3 g6 24. Rf3 Qe7 25. Re1 Be6 26. Qc3 Bg4 27. Rg3 f5 28. Bf3 Rae8 29. Bxg4 fxg4 30. Rxg4 Qf6 31. f3 Qb6+ 32. Qe3 Qxe3+ 33. Rxe3 Kg7 34. Rge4 Rf5 35. g4 Rf7 36. Rxe5 Rc8 37. c5 a5 38. b4 axb4 39. axb4 Ra8 40. Re7 Ra1+ 41. Kg2 Rb1 42. Rxf7+ Kxf7 43. Re4 Kf6 44. h4 Rb2+ 45. Kg3 Rb3 46. Kf4 Rb1 47. Rd4 Ke7 48. Kg5 Rb3 49. f4 Kf7 50. Rd7+ Ke6 51. Rxb7 Rg3 52. Rb6+ Kf7 53. Rf6+ Kg7 54. Rxg6+ 1-0

[Event "Niedersachsen-ch Seniors op 10th"]
[Site "Bad Bevensen"]
[Date "2007.07.06"]
[Round "4"]
[White "Janssen, Helmut"]
[Black "Van Houten, Henk"]
[Result "1-0"]
[WhiteElo "1776"]
[BlackElo "1496"]
[PlyCount "87"]
[EventDate "2007.07.03"]
[EventType "swiss"]
[EventRounds "9"]
[EventCountry "GER"]
[SourceTitle "EXT 2022"]
[Source "ChessBase"]
[SourceDate "2021.10.06"]
[SourceVersion "1"]
[SourceVersionDate "2021.10.06"]
[SourceQuality "1"]

1. e4 e5 2. Nf3 Nc6 3. Bb5 a6 4. Ba4 Nf6 5. 0-0 Be7 6. Re1 b5 7. Bb3 d6 8. c3 Na5 9. Bc2 c6 10. h3 h6 11. d4 Qc7 12. Nbd2 Nh7 13. Nf1 Be6 14. Ng3 f6 15. Nf5 Bxf5 16. exf5 0-0-0 17. Qe2 Rhe8 18. Bb3 Nxb3 19. axb3 Kb7 20. Bd2 Ra8 21. c4 Bf8 22. dxe5 fxe5 23. Ba5 Qf7 24. Qe3 c5 25. cxb5 axb5 26. Qd3 Kc6 27. Qc2 Ng5 28. Nxg5 hxg5 29. Bd2 Be7 30. Rxa8 Rxa8 31. Rd1 d5 32. b4 c4 33. b3 e4 34. bxc4 bxc4 35. b5+ Kb7 36. h4 g6 37. fxg6 Qxg6 38. Be3 Qe6 39. Qd2 Rd8 40. Qd4 Kc8 41. Ra1 Kd7 42. Ra7+ Ke8 43. Qh8+ Kf7 44. Qxd8 1-0

[Event "Niedersachsen-ch Seniors op 10th"]
[Site "Bad Bevensen"]
[Date "2007.07.04"]
[Round "2"]
[White "Janssen, Helmut"]
[Black "Weller, Friedhelm"]
[Result "0-1"]
[WhiteElo "1776"]
[BlackElo "1747"]
[PlyCount "56"]
[EventDate "2007.07.03"]
[EventType "swiss"]
[EventRounds "9"]
[EventCountry "GER"]
[SourceTitle "EXT 2022"]
[Source "ChessBase"]
[SourceDate "2021.10.06"]
[SourceVersion "1"]
[SourceVersionDate "2021.10.06"]
[SourceQuality "1"]

1. e4 e5 2. Nf3 d6 3. d4 Nd7 4. Bc4 c6 5. 0-0 Be7 6. Nc3 Ngf6 7. Re1 0-0 8. Bg5 Qb6 9. Bb3 a5 10. a4 Qc7 11. Qd2 Re8 12. Rad1 Nf8 13. d5 Bg4 14. Qe3 c5 15. Bc4 Ng6 16. h3 Bd7 17. Qd2 Qd8 18. Bb5 Bxb5 19. Nxb5 b6 20. Nc3 Qd7 21. b3 Rac8 22. Qd3 Rc7 23. Nb5 Rb7 24. c4 Rf8 25. Nc3 Nh5 26. Bxe7 Qxe7 27. g3 Qd7 28. Kg2 Ngf4+ 0-1

[Event "Schleswig Holstein-ch Seniors 62nd"]
[Site "Itzehoe"]
[Date "2007.04.04"]
[Round "6"]
[White "Schmidt, Niels Peter"]
[Black "Janssen, Helmut"]
[Result "1-0"]
[WhiteElo "1899"]
[BlackElo "1830"]
[PlyCount "153"]
[EventDate "2007.03.31"]
[EventType "swiss"]
[EventRounds "9"]
[EventCountry "GER"]
[SourceTitle "EXT 2010"]
[Source "ChessBase"]
[SourceDate "2010.11.25"]
[SourceVersion "1"]
[SourceVersionDate "2010.11.25"]
[SourceQuality "1"]

1. Nf3 Nf6 2. c4 c5 3. Nc3 e6 4. g3 b6 5. Bg2 Bb7 6. 0-0 g6 7. d3 Bg7 8. Bf4 d6 9. Rb1 e5 10. Bg5 h6 11. Bxf6 Bxf6 12. Nd2 Bxg2 13. Kxg2 0-0 14. Nd5 Bg7 15. e3 f5 16. f4 Nd7 17. Qf3 Nf6 18. Nc3 Qd7 19. Rbd1 Rae8 20. Nd5 Kh7 21. Nc3 h5 22. e4 Ng4 23. h3 Nf6 24. exf5 Qxf5 25. Nde4 Nxe4 26. Nxe4 Qd7 27. Qe2 Rf5 28. fxe5 Rfxe5 29. Rf3 d5 30. cxd5 Qxd5 31. b3 Rd8 32. Rdf1 Rd7 33. Qc2 Rf5 34. Qc4 Rxf3 35. Qxd5 Rxg3+ 36. Kxg3 Rxd5 37. Rf3 Be5+ 38. Kf2 Kh6 39. Ke2 Rd7 40. Kd2 a5 41. Kc1 Bd4 42. a4 Re7 43. Kd2 Be5 44. Kc2 h4 45. Kd2 Kh5 46. Kc2 g5 47. Rf5 Bf4 48. Rf6 Bc7 49. Rf5 Re5 50. Rf6 g4 51. hxg4+ Kxg4 52. Kd2 h3 53. Rg6+ Kh4 54. Nf2 Rg5 55. Rh6+ Rh5 56. Rxh5+ Kxh5 57. Nxh3 Kg4 58. Nf2+ Kf4 59. Kc3 Ke5 60. Kc4 Kd6 61. Kb5 Kd7 62. Ne4 Bd8 63. Nd2 Kc7 64. Nc4 Kb7 65. Nd6+ Ka7 66. Kc6 Kb8 67. Nb5 Kc8 68. Kd6 Kb7 69. Kd7 Bg5 70. Nd6+ Ka6 71. Kc6 Bf6 72. Nc4 Bd8 73. Kd7 Bg5 74. Kc7 Bf6 75. Nxb6 Bc3 76. Kc6 Bb4 77. Nd7 1-0

[Event "GER KF-36 Class1 B3 email"]
[Site "GER email"]
[Date "2007.??.??"]
[Round "?"]
[White "Kriesch, Achim"]
[Black "Janssen, Helmut"]
[Result "0-1"]
[WhiteElo "1682"]
[BlackElo "2126"]
[PlyCount "50"]
[EventDate "2007.??.??"]
[EventType "tourn (corr)"]
[EventRounds "6"]
[EventCountry "GER"]
[SourceTitle "Corr 2008"]
[Source "ChessBase"]
[SourceDate "2008.06.24"]
[SourceVersion "1"]
[SourceVersionDate "2008.06.24"]
[SourceQuality "1"]

1. d4 f5 2. g3 Nf6 3. Bg2 g6 4. Nf3 Bg7 5. c4 0-0 6. 0-0 d6 7. Nc3 Qe8 8. Qb3 Na6 9. Rd1 Kh8 10. Nd5 Nd7 11. Bg5 e5 12. Qe3 c6 13. Ne7 e4 14. Nd2 Nf6 15. Nxc8 Rxc8 16. h3 Qf7 17. Rac1 Nc7 18. Bf4 Rfd8 19. Nb3 Ne6 20. Qd2 Nxf4 21. Qxf4 d5 22. c5 Rf8 23. Qd2 Nh5 24. e3 g5 25. Qe2 f4 0-1

[Event "GER KF-36 Class1 B3 email"]
[Site "GER email"]
[Date "2007.??.??"]
[Round "?"]
[White "Schwenteck, Carsten"]
[Black "Janssen, Helmut"]
[Result "1-0"]
[WhiteElo "2272"]
[BlackElo "2126"]
[PlyCount "105"]
[EventDate "2007.??.??"]
[EventType "tourn (corr)"]
[EventRounds "6"]
[EventCountry "GER"]
[SourceTitle "Corr 2008"]
[Source "ChessBase"]
[SourceDate "2008.06.24"]
[SourceVersion "1"]
[SourceVersionDate "2008.06.24"]
[SourceQuality "1"]

1. Nf3 f5 2. b3 d6 3. d4 Nf6 4. g3 g6 5. Bg2 Bg7 6. Bb2 0-0 7. c4 Qe8 8. Nc3 h6 9. 0-0 g5 10. e3 Na6 11. d5 Bd7 12. Nd4 c6 13. Qc2 Nb4 14. Qd2 c5 15. Ndb5 Qh5 16. a3 Na6 17. f4 Rf7 18. Rae1 b6 19. Bc1 Ne8 20. e4 g4 21. e5 Rf8 22. Bb2 Nac7 23. Nxc7 Nxc7 24. b4 Qg6 25. Nd1 Rab8 26. Rf2 h5 27. Ne3 h4 28. Bf1 Bc8 29. Ng2 h3 30. Nh4 Qh6 31. b5 Ne8 32. Qc2 Rb7 33. Bd3 Qh5 34. Kh1 Bh8 35. a4 Qh7 36. a5 Rc7 37. Ra1 e6 38. axb6 axb6 39. Kg1 Bd7 40. Ra6 Rb7 41. Ra8 Qf7 42. Qa4 Rc7 43. Rb8 Bg7 44. Rxb6 Bc8 45. Qa8 exd5 46. exd6 Bxb2 47. Rxb2 Ra7 48. Qxd5 Qxd5 49. cxd5 Bd7 50. Ng6 Rf6 51. Ne5 Nxd6 52. Ra6 Rb7 53. b6 1-0

[Event "Mecklenburg VP-ch Seniors op 06th"]
[Site "Plau am See"]
[Date "2006.10.05"]
[Round "2"]
[White "Janssen, Helmut"]
[Black "Wicklund Hansen, Richard"]
[Result "1/2-1/2"]
[WhiteElo "1837"]
[BlackElo "1944"]
[PlyCount "56"]
[EventDate "2006.10.04"]
[EventType "swiss"]
[EventRounds "9"]
[EventCountry "GER"]
[SourceTitle "EXT 2022"]
[Source "ChessBase"]
[SourceDate "2021.10.06"]
[SourceVersion "1"]
[SourceVersionDate "2021.10.06"]
[SourceQuality "1"]

1. d4 Nc6 2. Nf3 d5 3. c4 Bg4 4. e3 e6 5. cxd5 exd5 6. Be2 Nf6 7. h3 Bh5 8. 0-0 Bd6 9. Nc3 0-0 10. b3 h6 11. Bb2 Bg6 12. Rc1 a6 13. Bd3 Ne7 14. Re1 Bxd3 15. Qxd3 Ng6 16. Qc2 Re8 17. Nd2 c6 18. e4 dxe4 19. Ncxe4 Nxe4 20. Nxe4 Bb4 21. Re3 Nf4 22. a3 Ba5 23. b4 Bc7 24. Rce1 Nd5 25. R3e2 a5 26. Nc3 Rxe2 27. Rxe2 axb4 28. Nxd5 Qxd5 1/2-1/2

[Event "Bad Sooden-Allendorf Seniors op 16th"]
[Site "Bad Sooden-Allendorf"]
[Date "2004.04.30"]
[Round "9"]
[White "Janssen, Helmut"]
[Black "Fuchs, Manfred1111"]
[Result "1/2-1/2"]
[WhiteElo "1841"]
[BlackElo "1613"]
[PlyCount "35"]
[EventDate "2004.04.22"]
[EventType "swiss"]
[EventRounds "9"]
[EventCountry "GER"]
[SourceTitle "EXT 2006"]
[Source "ChessBase"]
[SourceDate "2005.11.24"]
[SourceVersion "1"]
[SourceVersionDate "2005.11.24"]
[SourceQuality "1"]

1. e4 c5 2. d4 cxd4 3. c3 dxc3 4. Nxc3 g6 5. Bc4 e6 6. Nf3 Bg7 7. 0-0 a6 8. Qe2 b5 9. Bb3 Nc6 10. Rd1 Ne5 11. Bf4 Nxf3+ 12. Qxf3 Bb7 13. Qe2 Ne7 14. e5 0-0 15. Ne4 Bc6 16. Nc5 Nd5 17. Bg3 Ra7 18. Rac1 1/2-1/2

[Event "Bad Sooden-Allendorf Seniors op 15th"]
[Site "Bad Sooden-Allendorf"]
[Date "2003.05.02"]
[Round "4"]
[White "Janssen, Helmut"]
[Black "Dinius, Helmut"]
[Result "1-0"]
[WhiteElo "1931"]
[BlackElo "1563"]
[PlyCount "59"]
[EventDate "2003.05.??"]
[EventType "swiss"]
[EventRounds "9"]
[EventCountry "GER"]
[SourceTitle "EXT 2006"]
[Source "ChessBase"]
[SourceDate "2005.11.24"]
[SourceVersion "1"]
[SourceVersionDate "2005.11.24"]
[SourceQuality "1"]

1. e4 e5 2. Nf3 d6 3. d4 exd4 4. Nxd4 g6 5. Be3 Bg7 6. c3 Nf6 7. Nd2 0-0 8. Bd3 Bd7 9. 0-0 Nc6 10. Bg5 Qc8 11. f4 Nxd4 12. cxd4 c6 13. e5 dxe5 14. fxe5 Nd5 15. Ne4 Qc7 16. Qd2 Be6 17. Nf6+ Kh8 18. Qf2 Bxf6 19. Bxf6+ Nxf6 20. exf6 h6 21. Qh4 Kh7 22. Rae1 Qd7 23. Rf4 Rae8 24. Re5 Bf5 25. Rfxf5 Rxe5 26. Rxe5 Re8 27. Rxe8 Qxe8 28. Qe4 Qxe4 29. Bxe4 Kg8 30. h4 1-0